Jurisprudencia chilena sobre la ley de Competencia Desleal. Análisis crítico y hallazgos.

Salvato in:
Dettagli Bibliografici
Autore principale: Ubilla Pareja, Nicolás (autor)
Natura: Sconosciuto
Pubblicazione: Santiago, Chile: DER Ediciones, 2022.
Edizione:Primera edición.
Serie:Ensayos Jurídicos
Soggetti:
Tags: Aggiungi Tag
Nessun Tag, puoi essere il primo ad aggiungerne!!

MARC

LEADER 00000 a2200000 4500
003 CL-VaPUC
005 20220901162931.0
008 220826t2022 ||||| |||| 00| 0 eng d
999 |c 438527  |d 438525 
020 |a 978-956-405-094-2 
040 |c Pontificia Universidad Católica de Valparaíso 
082 |2 22  |a 343.83072 UBI 2022 
100 |a Ubilla Pareja, Nicolás   |9 875982  |e autor 
245 |a Jurisprudencia chilena sobre la ley de Competencia Desleal.  |b Análisis crítico y hallazgos. 
250 |a Primera edición. 
260 |a Santiago, Chile:  |b DER Ediciones,  |c 2022. 
300 |a 563 páginas. 
490 |a Ensayos Jurídicos 
583 |k Catalogador Asistente  |c 20220826 
650 0 |a Competencia económica   |x Desleal   |x Jurisprudencia   |z Chile   |9 256096 
650 0 |9 876146  |a Ley de Competencia Desleal (LCD)  |x Ley 20169   |x Análisis  |z Chile  
650 0 |9 255568  |a Economía   |x Competencia desleal  |z Chile  
942 |2 ddc  |c BK 
952 |0 0  |1 0  |2 ddc  |4 0  |6 343_830720000000000_UBI_2022  |7 0  |8 A  |9 586445  |a BIBDER  |b BIBDER  |c GEN  |d 2022-08-26  |e 22  |g 45000.00  |i 5654441  |l 6  |m 4  |o 343.83072 UBI 2022  |p 5654441  |r 2024-10-18  |s 2024-10-14  |t 1  |v 45000.00  |w 2022-08-26  |y BK  |k DER